Politics of president,s rule in India / (Record no. 128023)

MARC details
000 -LEADER
fixed length control field 00669nam a22002297a 4500
005 - DATE AND TIME OF LATEST TRANSACTION
control field 20170124110033.0
010 ## - LIBRARY OF CONGRESS CONTROL NUMBER
LC control number 978872
020 ## - INTERNATIONAL STANDARD BOOK NUMBER
Terms of availability 00.00
035 ## - SYSTEM CONTROL NUMBER
System control number 978872
037 ## - SOURCE OF ACQUISITION
Source of stock number/acquisition Cen Lib/Ret
040 ## - CATALOGING SOURCE
Original cataloging agency DPL
Language of cataloging EN
082 ## - DEWEY DECIMAL CLASSIFICATION NUMBER
Classification number 342.54
Item number SIW
100 ## - MAIN ENTRY--PERSONAL NAME
Personal name Siwach, J.R.
9 (RLIN) 7771
245 ## - TITLE STATEMENT
Title Politics of president,s rule in India /
Statement of responsibility, etc by J.R. Siwach
260 ## - PUBLICATION, DISTRIBUTION, ETC. (IMPRINT)
Place of publication, distribution, etc Simla
Name of publisher, distributor, etc Indian Institute of Advanced Study
Date of publication, distribution, etc 1979
270 ## - ADDRESS
Address Rashtrapati Nivas
City Simla
Postal code 171005
300 ## - PHYSICAL DESCRIPTION
Extent xii,533p.
Dimensions 20cm(Hb)
500 ## - GENERAL NOTE
General note Includes index
650 ## - SUBJECT ADDED ENTRY--TOPICAL TERM
Topical term or geographic name as entry element State governments
Geographic subdivision India
9 (RLIN) 22191
650 ## - SUBJECT ADDED ENTRY--TOPICAL TERM
Topical term or geographic name as entry element Executive power
9 (RLIN) 16268
942 ## - ADDED ENTRY ELEMENTS (KOHA)
Source of classification or shelving scheme Dewey Decimal Classification
Koha item type English Books
Classification part 342.54
Call number suffix SIW
Holdings
Withdrawn status Lost status Damaged status Not for loan Home library Current library Date acquired Source of acquisition Cost, normal purchase price Total Checkouts Full call number Barcode Date last seen Copy number Cost, replacement price Price effective from Koha item type Public note
Written off       Central Library Central Library 01/07/2015 Cen Lib/Ret 0.00   342.54 SIW 978872 01/07/2015 1 0.00 01/07/2015 English Books Written off on approval by DLB (By Circulation); dtd 15-06-2023

© Delhi Public Library
Hit Counter
free hit counter